000 00271nam a2200109Ia 4500
008 190216s9999||||xx |||||||||||||| ||und||
100 _aMorris E Hurley
245 0 _aBusiness Administration
260 _bPrentice Hall Of India Pvt Ltd
_c1968
300 _a475p
942 _cBK
999 _c3895
_d3895